00608nam a22001577a 4500020001800000082001600018100006500034245004400099250001200143260004000155300002300195490003000218500009600248650008300344700002300427 a9780071321266 a515.076 WRE aSchaum's outline of theory and problems of advanced calculus aSchaum’s outline of advanced calculus a3rd ed. aNew Delhi, IndiabMcGraw Hillc2010 aix, 445 p.bill. ; aSchaum’s outline series aRev. ed. of: Schaum’s outline of theory and problems of advanced calculus. 2nd ed. c2002. a1. Calculus --Outlines, syllabi, etc. 2. Calculus --Problems, exercises, etc. aSpiegel, Murray R.